China Eastern International destinations - Statistics

General Stats
  • This quiz has been taken 93 times
  • The average score is 56 of 79
Answer Stats
Country Answer % Correct
Australia Sydney
100%
Canada Toronto
98%
Hong kong Hong Kong
97%
Australia Melbourne
97%
France Paris
97%
Japan Tokyo
97%
Canada Vancouver
97%
Bangladesh Dhaka
95%
Germany Frankfurt
95%
Indonesia Jakarta
95%
Netherlands Amsterdam
94%
UK London
94%
Russia Moscow
94%
Singapore Singapore
94%
New Zealand Auckland
92%
Thailand Bangkok
92%
India Delhi
92%
USA Los Angeles
92%
Philippines Manila
92%
Japan Osaka
92%
South Korea Seoul
92%
Taiwan Taipei
92%
Australia Brisbane
90%
Italy Rome
90%
UAE Dubai
89%
Vietnam Hanoi
89%
Malaysia Kuala Lumpur
89%
Spain Madrid
89%
Czech Republic Prague
89%
USA San Francisco
87%
Thailand Phuket
85%
Japan Sapporo
85%
South Korea Busan
84%
Sri Lanka Colombo
84%
Vietnam Ho chi minh city
84%
Macau Macau
84%
USA Chicago
82%
Japan Nagoya
82%
Nepal Kathmandu
81%
Japan Hiroshima
79%
Myanmar Yangon
79%
Philippines Cebu
77%
Cambodia Phnom Penh
77%
South Korea Jeju
76%
Maldives Male
76%
Indonesia Denpasar
74%
India Kolkata
73%
Laos Vientiane
73%
Japan Fukuoka
71%
Japan Nagasaki
71%
Thailand Chiang Mai
69%
Vietnam Da Nang
66%
USA Honolulu
61%
South Korea Daegu
60%
Taiwan Kaohsiung
56%
USA New york city
56%
Russia Saint Petersburg
56%
Cambodia Siem Reap
56%
Myanmar Naypyidaw
52%
Myanmar Mandalay
50%
Japan Okinawa
50%
Taiwan Taichung
48%
Japan Kagoshima
47%
Mariana Islands(US) Saipan
45%
Thailand Chiang Rai
44%
Japan Hakodate
37%
Laos Luang Prabang
37%
Japan Niigata
37%
Japan Asahikawa
35%
Japna Shizuoka
35%
Japan Komatsu
34%
Vietnam Nha Trang
34%
Japan Okayama
34%
Philippines Clark
32%
Japan Matsuyama
31%
South Korea Muan
29%
South Korea Cheongju
23%
Philippines Laoag
23%
Thailand Surat Thani
16%
No matching quizzes found
Score Distribution
Percent of People with Each Score
Percentile by Number Answered
Your Score History
You have not taken this quiz